| 000 | 00450nam a2200181Ia 4500 | ||
|---|---|---|---|
| 001 | 656 | ||
| 005 | 20260306140534.0 | ||
| 008 | 260306t1999||||xx |||||||||||||| ||spa|| | ||
| 041 | _aESP | ||
| 082 |
_a128.2 _bCH515 |
||
| 100 |
_aChalmers, David J. _eAUT |
||
| 245 | 0 |
_aLa mente consciente : _ben busca de una teoría fundamental |
|
| 260 | _c1999 | ||
| 300 |
_a523 páginas : _c23 cm. |
||
| 650 | _aGEN | ||
| 654 | _aCHU | ||
| 942 |
_cLIB _dJUS _fJUS _2ddc _n |
||
| 999 |
_c656 _d656 |
||